Entrada Encabezamiento temático
Número de registros utilizados en: 9
001 - NÚMERO DE CONTROL
- campo de control: 8006
003 - IDENTIFICADOR DEL NÚMERO DE CONTROL
- campo de control: vecauma
005 - FECHA Y HORA DE LA ÚLTIMA TRANSACCIÓN
- campo de control: 20240228163012.0
008 - DATOS DE LONGITUD FIJA
- campo de control de longitud fija: 230713|| aca||aabn | a|a d
040 ## - FUENTE DE LA CATALOGACIÓN
- Centro catalogador/agencia de origen: vecauma
053 ## - Número de clasificación LC
- Número de clasificación–único número o número inicial: HF5415.5
150 ## - Materia
- Encabezamiento temático: RELACIONES CON EL CLIENTE
450 ## - REFERENCIA DE “VEASE” MATERIA
- Encabezamiento temático: Customer relations
450 ## - REFERENCIA DE “VEASE” MATERIA
- Encabezamiento temático: Customer relations
- Subdivisión temática general: Management
450 ## - REFERENCIA DE “VEASE” MATERIA
- Encabezamiento temático: CRM (Customer relationship management)
450 ## - REFERENCIA DE “VEASE” MATERIA
- Encabezamiento temático: Gestión de la clientela
450 ## - REFERENCIA DE “VEASE” MATERIA
- Encabezamiento temático: Relaciones con los clientes
450 ## - REFERENCIA DE “VEASE” MATERIA
- Encabezamiento temático: Sistemas de información de gestión de relaciones con el cliente
550 ## - REFERENCIA DE "VEASE ADEMAS" MATERIA
- Encabezamiento temático: FIDELIZACION DEL CLIENTE
550 ## - REFERENCIA DE "VEASE ADEMAS" MATERIA
- Encabezamiento temático: MERCADEO RELACIONAL
550 ## - REFERENCIA DE "VEASE ADEMAS" MATERIA
- Encabezamiento temático: RELACIONES PUBLICAS
550 ## - REFERENCIA DE "VEASE ADEMAS" MATERIA
- Encabezamiento temático: SATISFACCION DEL CONSUMIDOR
550 ## - REFERENCIA DE "VEASE ADEMAS" MATERIA
- Encabezamiento temático: SERVICIO AL CLIENTE
670 ## - FUENTE EN LA QUE SE LOCALIZARON DATOS
- Cita de la fuente: Catálogo de Autoridades de la Biblioteca Nacional de España, 2023
- Información localizada: (Relaciones con el cliente)
670 ## - FUENTE EN LA QUE SE LOCALIZARON DATOS
- Cita de la fuente: Catálogo de Autoridades de la Biblioteca del Congreso, 2023
- Información localizada: (Customer relations)
